000 00676nam a2200241Ia 4500
005 20260430150155.0
008 008 250103s9999 xx 000 0 eng d
037 _aTheses
040 _aCRL
040 _beng
040 _ceng
041 _2eng
041 _aeng
084 _qCRL
100 _aAnurag Kumar Au.; Kaur Bhavneet Gu.
_91236679
245 0 _aThird and fifth order finite difference WENO schemes for hyperbolic conservation laws
260 _c2022
300 _a129p.
650 _aMathematics
700 _aUniversity of Delhi. Faculty of Mathematical Sciences . Department of Mathematics
_91236680
942 _cTH
999 _c1849133
_d1849133